| 000 | 00557nam a22001817a 4500 | ||
|---|---|---|---|
| 003 | CEME | ||
| 005 | 20210628205534.0 | ||
| 008 | 210308b xxu||||| |||| 00| 0 eng d | ||
| 020 | _a0-7506-7073-8 | ||
| 040 | _c. | ||
| 082 | _a621.317 KUL'P | ||
| 100 |
_aKularatna, Nihal _960075 |
||
| 245 | _aPower electronics design handbook low power components and applications | ||
| 260 |
_aBOSTON _bNEWNESS _c1998 |
||
| 300 | _aXIX,300P | ||
| 650 |
_aPOWER ELECTRONIC-DESIGN AND CONSTRUCTION LOW VOLTAGE SYSTEMS-DESIGN AND CONSTRUCTION _975949 |
||
| 942 |
_cBK _2ddc |
||
| 999 |
_c581355 _d581355 |
||